Normal view
MARC view
- Stevenson Louis
Entry Personal Name
001 - CONTROL NUMBER
- control field: 6776
003 - CONTROL NUMBER IDENTIFIER
- control field: OSt
005 - DATE AND TIME OF LATEST TRANSACTION
- control field: 20180706150550.0
008 - FIXED-LENGTH DATA ELEMENTS
- fixed length control field: 180706|| aca||aabn | a|a d
040 ## - CATALOGING SOURCE
- Original cataloging agency: OSt
- Transcribing agency: OSt
100 ## - HEADING--PERSONAL NAME
- Personal name: Stevenson Louis
670 ## - SOURCE DATA FOUND
- Source citation: Work cat.: (OSt): Stevenson Louis, Dr Jekyll and Mr Hyde, 2016